| 000 | 00550nam a22001937a 4500 | ||
|---|---|---|---|
| 003 | OSt | ||
| 005 | 20250708055734.0 | ||
| 008 | 250708b |||||||| |||| 00| 0 eng d | ||
| 020 | _a705405990 | ||
| 040 |
_aDWCL - Main lib _cOC |
||
| 082 | _aCirc. 641.822 G743 1980 | ||
| 245 | _aGrains, pasta and pulses/ | ||
| 260 |
_aVirginia : _bTime-Life Books, _cc1980. |
||
| 300 |
_a176 pages : _b illustrations (color) ; _c28 cm. |
||
| 504 | _aIncludes index. | ||
| 650 | _a1. Cooking (pasta). | ||
| 650 | _a2. Dumplings. | ||
| 942 |
_2ddc _cBK-CIRC _kCirc. _n0 |
||
| 999 |
_c3458 _d3458 |
||